000 00974nam0a22002891 4500
001 rc\4893441
005 20250613031945.0
021 _aRU
_b[67-1453]
035 _a(NLR Aleph) 008924069
090 _a8842642
_c8842642
100 _a20130426d1966 |||y0rusy50 ca
101 0 _arus
102 _aRU
105 _aa z |||||
200 1 _aПрыжки с шестом
210 _aМосква
_cФизкультура и спорт
_d1966
215 _a92 с.
_cил.
_d16
225 1 _aБиблиотечка легкоатлета
300 _aПеред загл. авт.: В. Ягодин, мастер спорта
606 _aПрыжки с шестом
_2psbo
700 1 _4070
_7ca
_8rus
_aЯгодин
_bВ. М.
_cканд. пед. наук
_f1923-2005
_gВиктор Михайлович
_92647662
_3RU\NLR\AUTH\770275695
801 0 _aRU
_bNLR
_gpsbo
801 1 _aRU
_bELAR
_2rusmarc
852 _aNLR
_j67-2/503
942 _cBOOK
980 _aNB